000 01354cam a2200349 i 4500
999 _c3463
_d3463
001 17616533
003 OSt
005 20180117090006.0
008 130207s2013 pk b 001 0 eng
010 _a 2013344161
020 _a9780199063802
025 _aP-E-2013344161; 28
037 _bLibrary of Congress -- Islamabad Overseas Office
040 _aDLC
_beng
_cDLC
_erda
041 1 _aeng
_hrus
042 _alcode
_apcc
043 _aa-pk---
050 0 0 _aDS384
_b.B445 2013
082 _a954.91
100 1 _aV.Y. Belokrenitsky
_9383
245 1 2 _aA political history of Pakistan, 1947-2007 /
_cV.Y. Belokrenitsky and V.N. Moskalenko.
260 _aKarachi
_bOxford university press
_c2013
300 _axxi, 497 pages ;
_c23 cm
504 _aIncludes bibliographical references (pages 457-469) and index.
651 0 _aPakistan
_xPolitics and government.
_9206
651 0 _aPakistan
_xPolitics and government
_y1988-
_9384
700 1 _aMoskalenko, V. N.
_q(Vladimir Nikolaevich),
_d1932-
_9385
906 _a7
_bcbc
_corigode
_d3
_encip
_f20
_gy-gencatlg
942 _2ddc
_cBK